书目信息 |
| 题名: |
Flash CS5动画设计与制作案例教程
|
|
| 作者: | 赵琨 , 唐倩 , 董志学 主编 | |
| 分册: | ||
| 出版信息: | 北京 北京师范大学出版社 2017.03 |
|
| 页数: | 241页 | |
| 开本: | 26cm | |
| 丛书名: | ||
| 单 册: | ||
| 中图分类: | TP391.414 , TP391.41 | |
| 科图分类: | ||
| 主题词: | 动画制作软件--高等教育--教材 , 动画制作软件 | |
| 电子资源: | ||
| ISBN: | 978-7-303-17002-9 | |
| 000 | 01117nam0 2200301 450 | |
| 001 | 5612 | |
| 005 | 20181016140947.87 | |
| 010 | @a978-7-303-17002-9@dCNY35.00 | |
| 090 | @aTP391.4@bzk | |
| 100 | @a20140429d2017 em y0chiy50 ea | |
| 101 | 0 | @achi |
| 102 | @aCN@b110000 | |
| 105 | @aa z 000yy | |
| 200 | 1 | @aFlash CS5动画设计与制作案例教程@9Flash CS5 dong hua she ji yu zhi zuo an li jiao cheng@f赵琨,唐倩,董志学主编 |
| 210 | @a北京@c北京师范大学出版社@d2017.03 | |
| 215 | @a241页@c图@d26cm | |
| 300 | @a普通高等教育“十一五”国家级规划教材 影视动漫动画系列教材 | |
| 330 | @a本书详细介绍了Flash CS5的基本操作原理和案例的制作方法和技巧。具体包括:认识Flash CS5、图形的绘制与编辑、图层与帧的应用、基本动画制作、高级动画制作、发布影片、综合应用项目实例等内容。 | |
| 606 | 0 | @a动画制作软件@x高等教育@j教材 |
| 606 | 0 | @a动画制作软件 |
| 610 | 0 | @aFlash CS |
| 690 | @aTP391.414@v5 | |
| 690 | @aTP391.41@v4 | |
| 701 | 0 | @a赵琨@9zhao kun@c(动画制作)@4主编 |
| 701 | 0 | @a唐倩@9tang qian@4主编 |
| 701 | 0 | @a董志学@9dong zhi xue@4主编 |
| 801 | 0 | @aCN@bNLC@c20140429 |
| 905 | @aMuseLib@dTP391.41@e1648 | |
| Flash CS5动画设计与制作案例教程/赵琨,唐倩,董志学主编.-北京:北京师范大学出版社,2017.03 |
| 241页:图;26cm |
| 普通高等教育“十一五”国家级规划教材 影视动漫动画系列教材 |
| ISBN 978-7-303-17002-9:CNY35.00 |
| 本书详细介绍了Flash CS5的基本操作原理和案例的制作方法和技巧。具体包括:认识Flash CS5、图形的绘制与编辑、图层与帧的应用、基本动画制作、高级动画制作、发布影片、综合应用项目实例等内容。 |
| ● |
| 相关链接 |
|
|
|
|
正题名:Flash CS5动画设计与制作案例教程
索取号:TP391.41/1648
 
预约/预借
| 序号 | 登录号 | 条形码 | 馆藏地/架位号 | 状态 | 备注 |
| 1 | 1130545 | 211305452 | 第二样本阅览室/ [索取号:TP391.41/1648] | 在馆 | |
| 2 | 1130546 | 211305461 | 第三借阅区/ [索取号:TP391.41/1648] | 在馆 | |
| 3 | 1130547 | 211305470 | 第三借阅区/ [索取号:TP391.41/1648] | 在馆 |